La creación del universo / (Record no. 68052)

MARC details
000 -LEADER
campo de control de longitud fija 00527nam a2200169 i 4500
001 - NÚMERO DE CONTROL
campo de control 68052
003 - IDENTIFICADOR DE NÚMERO DE CONTROL
campo de control ES-MaACL
005 - FECHA Y HORA DE LA ÚLTIMA TRANSACCIÓN
campo de control 20230906170209.0
007 - CAMPO FIJO DE DESCRIPCIÓN FÍSICA--INFORMACIÓN GENERAL
campo de control de longitud fija t|
008 - DATOS DE LONGITUD FIJA--INFORMACIÓN GENERAL
campo de control de longitud fija 040217s1963 sp ||||1| spa d
100 1# - ENTRADA PRINCIPAL--NOMBRE DE PERSONA
Nombre de persona Gamow, George.
9 (RLIN) 53809
245 13 - MENCIÓN DEL TÍTULO
Título La creación del universo /
Mención de responsabilidad, etc. George Gamow ; traducción del inglés por Manuel Pérez Sama.
260 ## - PUBLICACIÓN, DISTRIBUCIÓN, ETC.
Lugar de publicación, distribución, etc. Madrid :
Nombre del editor, distribuidor, etc. Espasa-Calpe,
Fecha de publicación, distribución, etc. 1963.
300 ## - DESCRIPCIÓN FÍSICA
Extensión 200 p., 12 lám. :
Otras características físicas il. ;
Dimensiones 21 cm.
700 1# - ENTRADA AGREGADA--NOMBRE PERSONAL
Nombre de persona Pérez Sama, Manuel.
9 (RLIN) 91139
852 ## - LOCALIZACIÓN
Ubicación ES-MaACL
Número de control de estantería C-24643
Sublocalización o colección R.53381
Holdings
Estatus retirado Estado de pérdida Estado de daño No para préstamo Biblioteca de origen Biblioteca actual Ubicación en estantería Fecha de adquisición Fuente de adquisición Total de préstamos Signatura topográfica completa Código de barras Visto por última vez Precio de reemplazo Tipo de ítem Koha
        Biblioteca del Ateneo de Madrid Biblioteca del Ateneo de Madrid Depósito 2 17/01/2008     C-24643 1071245 23/02/2023 23/02/2023 Libro impreso